'La Real', gofrada en una cadira de frare del Monestir de Pedralbes / Ma A Escudero
Publicado:
San Jorge, núm. 96 - 97 (juliol 1976), pàg 54 - 56 :
MARC
| LEADER | 00000nam a2200000Ia 4500 | ||
|---|---|---|---|
| 001 | |||
| 008 | 160829s9999 xx 000 0 cat d | ||
| 100 | |a Escudero i Ribot, M. Assumpta |9 41687 | ||
| 245 | |a 'La Real', gofrada en una cadira de frare del Monestir de Pedralbes / Ma A Escudero | ||
| 260 | |a San Jorge, núm. 96 - 97 (juliol 1976), pàg 54 - 56 | ||
| 610 | 2 | 0 | |a Monestir de Pedralbes |9 55152 |
| 650 | |a Galera Real (Embarcació) |x En l'art |9 41688 | ||
| 650 | |a Cadires |9 41689 | ||
| 650 | |a Estampació sobre tela |9 41691 | ||
| 901 | |a Arxiu | ||
| 942 | |n 1 | ||
| 952 | |0 0 |1 0 |4 0 |7 1 |9 50369 |a Arxiu |b Arxiu |d 2016-12-01 |l 0 |r 2016-12-01 00:00:00 |w 2016-12-01 |y ARXIU | ||
| 999 | |c 54211 |d 54211 | ||